| 000 | 01549nam a22002057a 4500 | ||
|---|---|---|---|
| 005 | 20220729143203.0 | ||
| 008 | 220729b ||||| |||| 00| 0 eng d | ||
| 040 | _cAloy | ||
| 041 | _aeng | ||
| 082 |
_223 _a181.4 _bJOSG |
||
| 100 |
_aPushpa Joshi _954002 |
||
| 245 |
_aGandhi on women: _bCollection of Mahatma Gandhis Writings and speeches on women |
||
| 260 |
_aAhmedabad _bNavajivan Publishing House _c1988 |
||
| 300 |
_axxii,385p. _bHB _c24x16cm. |
||
| 520 | _aGandhi on WomenMy feeling is that if men of the Congress can retain their faith in ahimsa and prosecute the non-violence programme faithfully and fully, the women would be automatically converted. And it may be that there shall arise one among tem who will be able to go much farther than I can ever hope to do. For women is more fitted than man to make explorations, and take bolder action in ahimsa. For the courage of self-sacrifice woman is any day superior to man as I believe man is to woman for the courage of the brute. Refuse to be the slaves of your own whims and fancies, and the slaves of men. Refuse to decorate yourselves, dont go in for scents and lavender waters if you want to give out the proper scent, it must come out of your heart, and then you will captivate not man, but humanity. It is your birthright. Man is born of woman, he is flesh of her flesh and bone of her bone. Come to your own and deliver your message again. | ||
| 650 |
_aWomens Education _953999 |
||
| 650 |
_aWomens Resolution _954000 |
||
| 700 |
_aJOSHI (Pushpa) _954001 |
||
| 942 |
_2ddc _cGF |
||
| 999 |
_c224292 _d224292 |
||